Quizzes
Events
Quiz Creation
Community
Videos
Private Events
Remove Ads
Sign In
Join for FREE
Feedback
Dark Mode
Quiz Categories
Sports
Geography
Music
Movies
Television
Just For Fun
Miscellaneous
History
Literature
Language
Science
Gaming
Entertainment
Religion
Holiday
For Kids
Quiz Lab
Recent
Popular Today
Quiz Kudos Today
Editor Picks
Curator Picks
Quizzes by...
Day
Popularity
Type
Ratings
Length
Year
Community
Subscriptions
Recent Discussions
Orange Saloon
Badges
Playlists
Quests
Create
Leaderboards
Showdown
Live 5
Trivia Bingo
Activity
Puzzle Library
Sporcle Events
Private Events
Virtual Trivia
Globe League
Become a Host
Pub Owners
SporcleCon
Opinionation
Our Games
Videos
Blog
Mobile Apps
Partnerships
Remove Ads and Go Orange
Feedback
Sports
Athletes
MLB
NBA
NHL
NFL
Soccer
Sports Teams
WWE
NCAA
Football
Premier League
Basketball
Baseball
Hockey
Golf
Tennis
Cricket
Rugby
Auto Racing
Olympics
World Cup
Sports
Athletes
MLB
NBA
NHL
NFL
Soccer
Sports Teams
WWE
NCAA
Football
Premier League
Basketball
Baseball
Hockey
Golf
Tennis
Cricket
Rugby
Auto Racing
Olympics
World Cup
Random Quiz
Search Sporcle
×
Quiz Lab
Quiz Lab
Sports
NBA
Type in answers that appear in a list
Type in answers that appear in a list
Classic
Best Score? Go Orange.
Top 10 (Current) NBA Players by Position Stats
Can you name the Top 10 (Current) NBA Players by Position?
By
jmoney31
5m
50 Questions
1,040 Plays
1,040 Plays
1,040 Plays
Comments
Comments
Give Quiz Kudos
Give Quiz Kudos
-
- Ratings
hide this ad
Forced Order
Answers have to be entered in order
Answers have to be entered in order
Replay
Link that replays current quiz
Next Quiz
Link to next quiz in quiz playlist
You Got
0%
They Got
Avg Score
82%
Avg Friend Score
Upgrade to see
Score Distribution
Jump to the score distribution portion of the page
Score
0/50
Timer
05:00
0
Plays Today
Team & Number
Player
% Correct
San Antonio Spurs-
9
Tony Parker
93.8%
Phoenix Suns-
13
Steve Nash
93.7%
New Orleans Hornets-
3
Chris Paul
93.2%
Boston Celtics-
9
Rajon Rondo
93.1%
Chicago Bulls-
1
Derrick Rose
93%
Los Angeles Lakers-
24
Kobe Bryant
93%
Boston Celtics-
20
Ray Allen
92.3%
Denver Nuggets-
1
Chauncey Billups
91.2%
Cleveland Cavaliers-
23
LeBron James
91.1%
Utah Jazz-
8
Deron Williams
89.9%
Boston Celtics-
34
Paul Pierce
89.9%
Miami Heat-
3
Dwayne Wade
88.5%
Oklahoma City Thunder-
35
Kevin Durant
88.4%
Denver Nuggets-
15
Carmelo Anthony
87.4%
San Antonio Spurs-
21
Tim Duncan
87.3%
Boston Celtics-
5
Kevin Garnett
86.9%
Orlando Magic-
14
Jameer Nelson
86.6%
Atlanta Hawks-
2
Joe Johnson
86.4%
Los Angeles Lakers-
16
Pau Gasol
85.8%
Portland Trail Blazers-
7
Brandon Roy
84.9%
Toronto Raptors-
4
Chris Bosh
84.8%
Dallas Mavericks-
41
Dirk Nowitzki
84.3%
Detroit Pistons-
32
Richard Hamilton
84%
Atlanta Hawks-
5
Josh Smith
83.3%
Brooklyn Nets-
34
Devin Harris
83.2%
Team & Number
Player
% Correct
Orlando Magic-
12
Dwight Howard
82.6%
Milwaukee Bucks-
3
Brandon Jennings
82.3%
Orlando Magic-
15
Vince Carter
81.7%
Indiana Pacers-
33
Danny Granger
81.7%
Utah Jazz-
5
Carlos Boozer
81.3%
Phoenix Suns-
1
Amar'e Stoudemire
81.3%
Los Angeles Lakers-
17
Andrew Bynum
81.1%
Orlando Magic-
9
Rashard Lewis
80.1%
Golden State Warriors-
8
Monta Ellis
79%
Charlotte Bobcats-
3
Gerald Wallace
79%
Memphis Grizzlies-
22
Rudy Gay
78.5%
Memphis Grizzlies-
32
O.J. Mayo
77.5%
Philadelphia 76ers-
9
Andre Iguodala
77.5%
Houston Rockets-
11
Yao Ming
77.4%
Brooklyn Nets-
11
Brook Lopez
76.4%
Sacramento Kings-
13
Tyreke Evans
75.4%
Washington Wizards-
4
Antwan Jamison
75.1%
Milwaukee Bucks-
6
Andrew Bogut
74.5%
Portland Trail Blazers-
12
LaMarcus Aldridge
73.9%
New York Knicks-
42
David Lee
73.5%
Atlanta Hawks-
15
Al Horford
71.7%
Cleveland Cavaliers-
33
Shaquille O'Neal
71.4%
Los Angeles Clippers-
35
Chris Kaman
71.3%
Minnesota Timberwolves-
25
Al Jefferson
69.5%
New Orleans Hornets-
50
Emeka Okafor
62.7%
Quiz Playlist
Details
Report
Send in Message
Add To Playlist
Classic:
Type in answers that appear in a list
Forced Order:
Answers have to be entered in order
Last Updated: Dec 3, 2018
Quiz Scoreboard
CHALLENGE
Sign Up to Join the Scoreboard
Show All
Scores
Hide
Comments
May contain spoilers
Recently Published
College Basketball Coaching Resumes
by pancakes188
Sports
9m
Billboard Blitz: Fleetwood Mac
by CooCooCachoo
Music
15s
Presidents Visiting Landmarks
by Hejman
History
7m
More to Explore
Quiz From the Vault
Featured Blog Post
Where Did the Easter Bunny Come From?
hide this ad
You Might Also Like...
Tags
Basketball Quiz
Football Quiz
NBA Quiz
Numbers Quiz
NBA Player
Player
team
Top 10
Today's Top Quizzes in Sports
Browse Sports
hide this ad
Today's Top Quizzes in NBA
Browse NBA
Top Contributed Quizzes in Sports
1
2022 World Cup Stars
2
Les meilleurs buteurs des matchs entre le PSG et l’OM
3
FIFA Club World Cup Champions
4
Les entraîneurs de l'OM et du PSG au 21e siècle
5
Criteria MLB: Left Handed Sluggers
6
AFC Teams Reveal (Wrong Answers Minefield)
7
2023 MLB Unique Player Accomplishments
8
Players with Multiple 50 Home Run Seasons
9
5-to-1: FBS Animal Nicknames
10
5-to-1: UK Sports Teams
Explore More
Trending Topics
NBA
Crossword
Harry Potter
Anime
Disney
Marvel
Kpop
Soccer
WWE
The Office
Country
Pokémon
Song
Puzzle
NFL
hide this ad
More By:
jmoney31
Quiz
Plays
Rating
Category
Featured
Created
NFL Teams By Offensive Players
5,306
4.00
Sports
Jan 13, 2010
NFL Teams By Defensive Players
4,282
4.25
Sports
Jan 12, 2010
Top 10 (Current) NBA Players by Position
1,040
1.89
Sports
Jan 12, 2010
Big Four (US) Sports Teams By Head Coach
408
4.25
Sports
Jan 13, 2010
University of Maryland NFL Players
210
5.00
Sports
Jan 12, 2010
Go to Creator's Profile
Score Distribution
Quiz Creator Spotlight
jmoney31
Follow
Send a Message
Quizzes Created
-
Created Quiz Play Count
-
More By This Creator
Popular Quizzes Today
1
Find the US States - No Outlines Minefield
2
Find the Countries of Europe - No Outlines Minefield
3
The Countries of the World
4
Find the US States
5
Risky Map Clicking: Biggest States A-Z
6
US States
7
Popular People in 1961
8
Movies - When Are They Set?
More Sports Quizzes
NBA Champion with Three Different Teams
Quiz Lab
Trending Quizzes
Risky Map Clicking: Least Populous States A-Z
1-10 Letter G Words
1-10 Letter F Words
Risky Map Clicking: Next State Alphabetically
Risky Map Clicking: Biggest States A-Z
Recently Updated
Leaping Animals
pecheneg
Reality TV Shows (A-Z)
bhenderson79
Rickey Henderson's Hall of Fame Teammates
pecheneg
Champions League XIs: Arsenal
pecheneg
Quick Pick: Celebrities in WWE's Hall of Fame
aduchscher
A-Z Keypad Blitz II
pecheneg
Multiple Oscar Actors
pecheneg
Mystery Phrase Blitz: Oscar 'Best Actors'
pecheneg
F. Scott Fitzgerald Novels
LTH
Pick 3 Villains
ddd62291
Trending Topics
Crossword
Anime
Disney
Kpop
Marvel
NBA
Harry Potter
Song
NFL
WWE
Soccer
The Office
Country
Pokémon
Puzzle
Your Account Isn't Verified!
In order to create a playlist on Sporcle, you need to verify the email address you used during registration. Go to your
Sporcle Settings
to finish the process.
Report this User
Report this user for behavior that violates our
Community Guidelines
.
Details:
Send Report
Go to the Sporcle.com Mobile Site →
Comments